Russia City Quiz - Statistics

General Stats
  • This quiz has been taken 37 times
  • The average score is 19 of 26
Answer Stats
City % Correct
Moscow
100%
Saint Petersburg
96%
Vladivostok
89%
Volgograd
89%
Yekaterinburg
89%
Nizhny Novgorod
86%
Novosibirsk
86%
Ufa
86%
Kazan
82%
Omsk
82%
Perm
79%
Rostov-on-Don
75%
Samara
75%
Chelyabinsk
71%
Saratov
71%
Voronezh
71%
Irkutsk
68%
Krasnoyarsk
68%
Krasnodar
64%
Ulyanovsk
61%
Khabarovsk
57%
Tolyatti
57%
Tyumen
57%
Barnaul
50%
Izhevsk
50%
Makhachkala
46%
No matching quizzes found
Score Distribution
Percent of People with Each Score
Percentile by Number Answered
Your Score History
You have not taken this quiz